El crédito agrícola y el ahorro / (Record no. 163588)

MARC details
000 -LEADER
campo de control de longitud fija 00796nam a2200205 i 4500
001 - NÚMERO DE CONTROL
campo de control 163588
003 - IDENTIFICADOR DE NÚMERO DE CONTROL
campo de control ES-MaACL
005 - FECHA Y HORA DE LA ÚLTIMA TRANSACCIÓN
campo de control 20230906212754.0
008 - DATOS DE LONGITUD FIJA--INFORMACIÓN GENERAL
campo de control de longitud fija 940301s1897 sp |||| | spa d
040 ## - FUENTE DE CATALOGACIÓN
Centro catalogador/agencia de origen AS
Lengua de catalogación spa
100 1# - ENTRADA PRINCIPAL--NOMBRE DE PERSONA
Nombre de persona Rivas Moreno, Francisco.
9 (RLIN) 97583
245 13 - MENCIÓN DEL TÍTULO
Título El crédito agrícola y el ahorro /
Mención de responsabilidad, etc. F. Rivas Moreno ; con un prólogo de I. García Barrado.
250 ## - MENCION DE EDICION
Mención de edición 2ª ed. corr. y aum.
260 ## - PUBLICACIÓN, DISTRIBUCIÓN, ETC.
Lugar de publicación, distribución, etc. Madrid :
Nombre del editor, distribuidor, etc. [s.n.],
Fecha de publicación, distribución, etc. [s.a.] (
Fabricante Imprenta de Hijos de M.G. Hernández)
300 ## - DESCRIPCIÓN FÍSICA
Extensión 103 p. ;
Dimensiones 23 cm.
500 ## - NOTA GENERAL
Nota general Catalog. basada en la cub.
596 ## - NOTA AL PIE DE IMPRENTA
NOTA AL PIE DE IMPRENTA Texto fechado en 1897.
700 1# - ENTRADA AGREGADA--NOMBRE PERSONAL
Nombre de persona García Barrado, I.
9 (RLIN) 127205
852 ## - LOCALIZACIÓN
Ubicación ES-MaACL
Número de control de estantería T-921-F-3
Nota libre -- Enc. hol. conservando la original
-- -- Donativo del Ministerio de Fomento, 1900
-- -- Enc. en un vol. facticio
Holdings
Estatus retirado Estado de pérdida Estado de daño No para préstamo Colección Biblioteca de origen Biblioteca actual Ubicación en estantería Fecha de adquisición Total de préstamos Signatura topográfica completa Código de barras Visto por última vez Precio de reemplazo Tipo de ítem Koha
        Colección de folletos Biblioteca del Ateneo de Madrid Biblioteca del Ateneo de Madrid Depósito folletos 17/01/2008   T-921-F-3 1171426 23/02/2023 23/02/2023 Folleto